Statistics for Countries of Asia by Picture

Click here to take the quiz!

General Stats

  • This quiz has been taken 24 times
  • The average score is 15 of 49

Answer Stats

Answer% Correct
Jordan
89%
Malaysia
79%
India
74%
Cambodia
68%
Turkey
68%
Maldives
63%
Singapore
63%
Afghanistan
58%
China
58%
Myanmar
58%
Syria
58%
Taiwan
58%
Israel
42%
Bhutan
37%
Japan
37%
United Arab Emirates
37%
Iraq
32%
Nepal
32%
Bahrain
26%
Indonesia
26%
Iran
26%
Kazakhstan
26%
Turkmenistan
26%
Uzbekistan
26%
Azerbaijan
21%
Lebanon
21%
Thailand
21%
Armenia
16%
Kuwait
16%
Kyrgyzstan
16%
Philippines
16%
Qatar
16%
Saudi Arabia
16%
South Korea
16%
Tajikistan
16%
Bangladesh
11%
Brunei
11%
Laos
11%
Mongolia
11%
Timor-Leste
11%
Vietnam
11%
Yemen
11%
Cyprus
5%
Georgia
5%
North Korea
5%
Oman
5%
Palestine
5%
Pakistan
0%
Sri Lanka
0%

Score Distribution

Percentile by Number Answered

Percent of People with Each Score

Your Score History

You have not taken this quiz